History of medicine (Record no. 64242)

MARC details
000 -LEADER
fixed length control field 01118nam a2200193 a 4500
008 - FIXED-LENGTH DATA ELEMENTS--GENERAL INFORMATION
fixed length control field 160202s2013 ||||||||||||||||| || u
020 ## - INTERNATIONAL STANDARD BOOK NUMBER
International Standard Book Number 9781444181869
050 ## - LIBRARY OF CONGRESS CALL NUMBER
Classification number R 131 Hal
100 ## - MAIN ENTRY--PERSONAL NAME
Personal name Hall, Tim
245 10 - TITLE STATEMENT
Title History of medicine
Statement of responsibility, etc. By Tim Hall
260 ## - PUBLICATION, DISTRIBUTION, ETC.
Place of publication, distribution, etc. London:
Name of publisher, distributor, etc. McGraw-Hill
Date of publication, distribution, etc. 2013
300 ## - PHYSICAL DESCRIPTION
Extent 156p.: ill.
350 ## -
-- 15.01
650 ## - SUBJECT ADDED ENTRY--TOPICAL TERM
Topical term or geographic name entry element MEDICINE--HISTORY
995 ## -
-- MEDICAL LIBRARY OPEN ACCESS
-- 903397
-- CBU-SCHOOL OF MEDICINE LIBRARY (Ndola)
-- 15.01
-- R 131 Hal
-- 3
-- AVAILABLE
-- Feb 2, 2016
-- 903397
-- Medical Library Open Access Collection
995 ## -
-- MICHAEL CHILUFYA SATA OPEN ACCESS
-- 903398
-- CBU-SCHOOL OF MEDICINE LIBRARY (Ndola)
-- 15.01
-- R 131 Hal
-- 4
-- AVAILABLE
-- Feb 2, 2016
-- 903398
-- Medical Library Open Access Collection
995 ## -
-- MEDICAL LIBRARY OPEN ACCESS
-- 903396
-- CBU-SCHOOL OF MEDICINE LIBRARY (Ndola)
-- 15.01
-- R 131 Hal
-- 2
-- AVAILABLE
-- Feb 2, 2016
-- 903396
-- Medical Library Open Access Collection
995 ## -
-- MICHAEL CHILUFYA SATA OPEN ACCESS
-- 903395
-- CBU-SCHOOL OF MEDICINE LIBRARY (Ndola)
-- 15.01
-- R 131 Hal
-- 1
-- AVAILABLE
-- Feb 2, 2016
-- 903395
-- Medical Library Open Access Collection
999 ## -
-- 64242
-- 64242

No items available.